[Event "Mittelrhein Verbandsliga-W 16/17"]
[Site "Nordrheinwestfalen"]
[Date "2016.11.27"]
[Round "4.2"]
[White "Buechel, Juergen"]
[Black "Olzem, Wolfgang"]
[Result "1/2-1/2"]
[WhiteElo "1797"]
[BlackElo "1807"]
[PlyCount "37"]
[EventDate "2016.09.11"]
[EventType "team-tourn"]
[EventRounds "11"]
[EventCountry "GER"]
[SourceTitle "EXT 2022"]
[Source "ChessBase"]
[SourceDate "2021.10.06"]
[SourceVersion "1"]
[SourceVersionDate "2021.10.06"]
[SourceQuality "1"]
[WhiteTeam "Bergheim"]
[BlackTeam "Eilendorf Arminia"]
[WhiteTeamCountry "GER"]
[BlackTeamCountry "GER"]

1. b4 e5 2. Bb2 f6 3. e4 Bxb4 4. Bc4 Ne7 5. Qh5+ Ng6 6. Ne2 b5 7. Bxb5 c6 8. Bd3 Ba6 9. f4 Bxd3 10. cxd3 0-0 11. f5 Nf4 12. Nxf4 exf4 13. Qg4 d5 14. Bc3 Bd6 15. 0-0 dxe4 16. dxe4 Re8 17. d3 Be5 18. Bxe5 fxe5 19. Nd2 1/2-1/2

[Event "Mittelrhein Verbandsliga-W 15/16"]
[Site "Nordrheinwestfalen"]
[Date "2016.01.31"]
[Round "7.3"]
[White "Bien, Stefan"]
[Black "Olzem, Wolfgang"]
[Result "1-0"]
[WhiteElo "2034"]
[BlackElo "1828"]
[PlyCount "63"]
[EventDate "2015.09.06"]
[EventType "team-tourn"]
[EventRounds "11"]
[EventCountry "GER"]
[SourceTitle "EXT 2022"]
[Source "ChessBase"]
[SourceDate "2021.10.06"]
[SourceVersion "1"]
[SourceVersionDate "2021.10.06"]
[SourceQuality "1"]
[WhiteTeam "Wuerselen II"]
[BlackTeam "Eilendorf Arminia"]
[WhiteTeamCountry "GER"]
[BlackTeamCountry "GER"]

1. d4 Nf6 2. Nf3 g6 3. Bg5 Bg7 4. e3 d5 5. Nbd2 0-0 6. c3 a5 7. Bd3 Nbd7 8. 0-0 c5 9. a4 b6 10. Qe2 Bb7 11. Rfe1 h6 12. Bxf6 Nxf6 13. Ne5 Qd6 14. f4 Ne4 15. Nxe4 dxe4 16. Bc4 e6 17. Rad1 Rfd8 18. Bb5 Bxe5 19. fxe5 Qe7 20. Rf1 cxd4 21. exd4 Qg5 22. Rf6 Rf8 23. Rdf1 e3 24. R1f4 h5 25. Qf1 Rab8 26. g3 Qh6 27. Qc1 Qh7 28. Qxe3 g5 29. Bd3 Qg7 30. Rf1 Bc6 31. Bb5 Bd5 32. Be2 1-0

[Event "Mittelrhein Verbandsliga-W 1112"]
[Site "Germany"]
[Date "2012.05.20"]
[Round "11.7"]
[White "Olzem, Wolfgang"]
[Black "Kadric, Fahrudin"]
[Result "0-1"]
[WhiteElo "1836"]
[BlackElo "1794"]
[PlyCount "62"]
[EventDate "2011.09.18"]
[EventType "team-tourn"]
[EventRounds "11"]
[EventCountry "GER"]
[SourceTitle "EXT 2013"]
[Source "ChessBase"]
[SourceDate "2012.11.22"]
[SourceVersion "1"]
[SourceVersionDate "2012.11.22"]
[SourceQuality "1"]
[WhiteTeam "Arminia Eilendorf"]
[BlackTeam "Brand SF"]
[WhiteTeamCountry "GER"]
[BlackTeamCountry "GER"]

1. Nf3 Nf6 2. d4 g6 3. c4 Bg7 4. g3 d6 5. Bg2 0-0 6. Nc3 c5 7. 0-0 Nc6 8. d5 Na5 9. Nd2 a6 10. Qc2 Rb8 11. a4 Bd7 12. Re1 b5 13. axb5 axb5 14. cxb5 Bxb5 15. Nxb5 Rxb5 16. e4 Qb6 17. Ra2 Ng4 18. Bf1 Rb4 19. Nc4 Nxc4 20. Bxc4 Ne5 21. Be2 Rb8 22. Kg2 Nd7 23. Bg4 Ne5 24. Be2 h5 25. Ra6 Qb7 26. b3 Rxb3 27. Qa2 Qb4 28. Qd2 Qxe4+ 29. Kg1 Nf3+ 30. Bxf3 Qxf3 31. Ra7 Bc3 0-1

[Event "Mittelrhein Verbandsliga-W 1112"]
[Site "Germany"]
[Date "2011.12.11"]
[Round "4.6"]
[White "Von der Weiden, Ralf"]
[Black "Olzem, Wolfgang"]
[Result "1-0"]
[WhiteElo "1763"]
[BlackElo "1836"]
[PlyCount "47"]
[EventDate "2011.09.18"]
[EventType "team-tourn"]
[EventRounds "11"]
[EventCountry "GER"]
[SourceTitle "EXT 2013"]
[Source "ChessBase"]
[SourceDate "2012.11.22"]
[SourceVersion "1"]
[SourceVersionDate "2012.11.22"]
[SourceQuality "1"]
[WhiteTeam "Aachen II"]
[BlackTeam "Arminia Eilendorf"]
[WhiteTeamCountry "GER"]
[BlackTeamCountry "GER"]

1. e4 c5 2. d4 cxd4 3. c3 dxc3 4. Nxc3 Nc6 5. Bc4 d6 6. Nf3 Nf6 7. e5 Ng4 8. Bf4 Qb6 9. Qe2 dxe5 10. Nd5 Qa5+ 11. Bd2 Qd8 12. Rd1 Bd7 13. Ng5 Nh6 14. Ne4 Nd4 15. Qh5 Ndf5 16. Bg5 Qa5+ 17. b4 Qd8 18. g4 Rc8 19. gxf5 Rxc4 20. Nd6+ exd6 21. Bxd8 Kxd8 22. Qg5+ Kc8 23. Rc1 Rxc1+ 24. Qxc1+ 1-0